Die Ausrüstung der römischen Armee auf der Siegessäule des Marcus Aurelius in Rom : ein Vergleich zwischen der skulpturalen Darstellung und den archäologischen Bodenfunden /

The reliefs of the column of Marcus Aurelius in Rome are used extensively for the illustration of Roman soldiers. However, there is no direct comparison between this work of official Roman art and the archaeological finds. This book aims to address this lacuna.

محفوظ في:

المؤلف الرئيسي: Burandt, Boris Alexander Nikolaus (مؤلف)

التنسيق: كتاب الكتروني

اللغة: German

منشور في: Summertown, Oxford : Archaeopress Publishing Ltd, 2017.

سلاسل: Archaeopress Roman archaeology ; 28.

الموضوعات:

الوصول للمادة أونلاين: Login to view Source

الوسوم: إضافة وسم

لا توجد وسوم, كن أول من يضع وسما على هذه التسجيلة!

رقم الطلب: DD53

LEADER 02132nam a2200445 i 4500
001 EDZ0001947040
003 StDuBDS
005 20230412182041.0
006 m|||||o||d||||||||
007 cr |||||||||||
008 171019s2017 enka fo 000|0|ger|d
020 |a 9781784916947 (ebook) :  |c No price 
040 |a StDuBDS  |b eng  |c StDuBDS  |e rda  |e pn 
050 4 |a DD53 
082 0 4 |a 936.302  |2 23 
100 1 |a Burandt, Boris Alexander Nikolaus,  |e author. 
245 1 4 |a Die Ausrüstung der römischen Armee auf der Siegessäule des Marcus Aurelius in Rom :  |b ein Vergleich zwischen der skulpturalen Darstellung und den archäologischen Bodenfunden /  |c by Boris Alexander Nikolaus Burandt. 
264 1 |a Summertown, Oxford :  |b Archaeopress Publishing Ltd,  |c 2017. 
300 |a 1 online resource (iv, 412 pages) :  |b illustrations (black and white). 
336 |a text  |2 rdacontent 
336 |a still image  |2 rdacontent 
337 |a computer  |2 rdamedia 
338 |a online resource  |2 rdacarrier 
490 1 |a Archaeopress Roman archaeology ;  |v 28 
500 |a Previously issued in print: 2017. 
520 8 |a The reliefs of the column of Marcus Aurelius in Rome are used extensively for the illustration of Roman soldiers. However, there is no direct comparison between this work of official Roman art and the archaeological finds. This book aims to address this lacuna. 
521 |a Specialized. 
588 |a Description based on online resource; title from home page (viewed on October 2, 2018). 
650 0 |a Excavations (Archaeology)  |z Danube River Region. 
650 0 |a Excavations (Archaeology)  |z Italy  |z Rome. 
651 0 |a Rome  |x Army. 
650 0 |a Soldiers in art. 
651 0 |a Danube River Region  |x Antiquities, Roman. 
651 0 |a Rome (Italy)  |x Antiquities, Roman. 
776 0 8 |i Print version :  |z 9781784916930 
830 0 |a Archaeopress Roman archaeology ;  |v 28. 
856 4 0 |3 Archaeopress  |u http://library.arce.org:8087/Archaeopress/Products/9781784916930 
942 |2 lcc  |c EBOOK 
952 |0 0  |1 0  |4 0  |6 DD0053  |7 1  |9 46317  |a ARCH  |b ARCH  |d 2023-04-12  |l 0  |o DD53  |r 2023-04-12 00:00:00  |w 2023-04-12  |y EBOOK 
999 |c 51975  |d 51975